000 01078nam a2200313 i 4500
001 000048562
003 DO-SdBNP
005 20240115093320.0
006 a||||gr|||| 00| 0
007 ta
008 190329s2014 dr 000 0 spa d
020 _a9789945471809
040 _aDO-SdBNP
_bspa
_cBNPHU
_erda
041 1 7 _aspa
_heng
082 4 _222
_bA334c
100 1 _aAlberti, Herminio
_974098
_eautor
245 1 0 _aConjunción de dos mundos = Mercing of two worlds /
_cHerminio Alberti, edición fotográfica: Cuty Reyes.
264 _aSanto Domingo :
_bFundación Falcondo,
_c2014.
300 _a149 páginas :
_bIlustraciones, fotografías, láminas ;
_c26 cm.
336 _2rdacontent
_atexto
_btxt
337 _2rdamedia
_asin mediación
_bn
338 _2rdacarrier
_avolumen
_bnc
500 _aIncluye datos biográficos del autor en la página 148 ó 149.
546 _aLibro en idioma español e inglés.
590 1 _aInventariado, 2024 / MF
700 1 _aReyes, Cuty,
_eedición fotográfica
_976027
740 0 _aMercing of two worlds.
942 _2ddc
_cFOTO
999 _c48050
_d48050